000 01016nam a22002177a 4500
003 BUBTL
008 220127b ||||| |||| 00| 0 eng d
020 _a9847015602826
082 _a954.92/ M3111b/ 2013
100 _91756
_a মামুন, মুনতাসীর
245 _aবঙ্গবন্ধু কীভাবে আমাদের স্বাধীনতা এনেছিলেন /
_c মুনতাসীর মামুন
250 _a1st Edn.
260 _aঢাকা :
_bমাওলা ব্রাদার্স,
_cc2013
300 _a175 p. :
_bill.;
_c22 cm.
505 _aবঙ্গবন্ধু কীভাবে আমাদের স্বাধীনতা এনেছিলেন, বঙ্গবন্ধু, স্বাধীনতা, মুনতাসীর মামুন
650 0 _93573
_aবঙ্গবন্ধু
650 0 _94372
_aBangabandhu
856 _k0
_l0
_yDownload
942 _2ddc
_cBK
999 _c6645
_d6645